Most Popular Songs in USA 9/27/2025 - Statistics

General Stats
  • This quiz has been taken 13 times
  • The average score is 6 of 15
Answer Stats
Rank Artist (Date) Answer Streams Radio Airplay Sales % Correct
2. Alex Warren Ordinary 22.1 Million 76.1 Million 6.5 Thousand
82%
11. Lady GaGa, Bruno Mars Die With A Smile 9.4 Million 49.4 Million 1.5 Thousand
64%
3. Sabrina Carpenter Manchild 11.8 Million 45.3 Million 0.8 Thousand
64%
9. Teddy Swims Lose Control 13.9 Million 34.5 Million 1.5 Thousand
55%
7. Ravyn Lenae Love Me Not 10.1 Million 48.6 Million 0.7 Thousand
45%
15. Shaboozey A Bar Song (Tipsy) 10.9 Million 35.4 Million 1.5 Thousand
36%
1. HUNTR/X Golden 32.7 Million 30.6 Million 7.5 Thousand
36%
5. Saja Boys Soda Pop 18 Million 0.1 Million 3 Thousand
36%
8. Justin Bieber Daisies 10 Million 45 Million 1.5 Thousand
27%
14. Leon Thomas Mutt 7.6 Million 51.6 Million 0.5 Thousand
27%
6. Saja Boys Your Idol 19 Million 0.3 Million 2 Thousand
27%
12. Sabrina Carpenter Tears 14.2 Million 17.9 Million 0.7 Thousand
18%
4. Morgan Wallen, Tate McRae What I Want 15 Million 27.9 Million 1 Thousand
18%
10. HUNTR/X How It's Done 18.3 Million 0.3 Million 2 Thousand
9%
13. Morgan Wallen I Got Better 13.1 Million 24.4 Million 1 Thousand
9%
No matching quizzes found
Score Distribution
Percent of People with Each Score
Percentile by Number Answered
Your Score History
You have not taken this quiz